Geography Quiz

Random Geography or State Quiz

10-Letter State Capitals Quiz Stats

 Plays Quiz Updated Feb 20, 2020

Support Sporcle.
Go Orange.
Score 0/9 Timer 01:30
0 Plays Today
% Correct
Sacramento
90%
Baton Rouge
54.1%
Carson City
52.7%
Harrisburg
50.7%
Montpelier
48.8%
Montgomery
46.4%
Little Rock
43.1%
Providence
38.3%
Charleston
36.7%

You're not logged in!

Compare scores with friends on all Sporcle quizzes.
OR
Log In

From the Vault

30 Maps That Help Make Sense of the World

by chair

The world is a crazy place, and these maps only serve to illuminate just how crazy it is.
Remove Ads.
Support Sporcle.
Get the best of Sporcle when you Go Orange. This ad-free experience offers more features, more stats, and more fun while also helping to support Sporcle. Thank you for becoming a member.

Show Comments

Extras

Top Quizzes Today


Score Distribution

Your Account Isn't Verified!

In order to create a playlist on Sporcle, you need to verify the email address you used during registration. Go to your Sporcle Settings to finish the process.

Report this User

Report this user for behavior that violates our Community Guidelines.

Details: